| 000 | 00453nam a2200181Ia 4500 | ||
|---|---|---|---|
| 003 | LK-CoDNM | ||
| 005 | 20240213142234.0 | ||
| 008 | 010623t1938 xxu||||| |||| 00| 1 sin d | ||
| 040 |
_aLK-CoDNM _dLK-CoDNM _eLK-CoDNM |
||
| 041 | _asin | ||
| 080 |
_a104 _bT 15 |
||
| 100 | _aSamarasinha,D.M | ||
| 245 | _aනල සහ දමයන්ති | ||
| 246 | _aNala and Damayanti | ||
| 260 |
_bSaviya _aColombo _c1938 |
||
| 300 | _b80p., 19 cm | ||
| 942 | _cBK | ||
| 999 |
_c98977 _d98977 |
||